书目信息 |
| 题名: |
电气控制与PLC控制技术
|
|
| 作者: | 赵俊生 , 杨怀林 , 姚年春 编 | |
| 分册: | ||
| 出版信息: | 北京 化学工业出版社 2008 |
|
| 页数: | 262页 | |
| 开本: | 26cm | |
| 丛书名: | ||
| 单 册: | ||
| 中图分类: | TM921.5 , TM332.3 | |
| 科图分类: | ||
| 主题词: | 电气控制--高等教育--教材 , 可编程序控制器--高等教育--教材 | |
| 电子资源: | ||
| ISBN: | 978-7-122-01875-5 | |
| 000 | 01155nam0 2200289 45 | |
| 001 | 1354522108 | |
| 005 | 20130510093043.89 | |
| 010 | @a978-7-122-01875-5@dCNY27.00 | |
| 100 | @a20130108d2008 em y0chiy0110 ea | |
| 101 | 0 | @achi |
| 102 | @aCN@b110000 | |
| 105 | @ay z 000yy | |
| 106 | @ar | |
| 200 | 1 | @a电气控制与PLC控制技术@ADian Qi Kong Zhi Yu PLC Kong Zhi Ji Shu@f赵俊生,杨怀林,姚年春编@FZhao Jun Sheng, Yang Huai Lin, Yao Nian Chun Bian |
| 210 | @a北京@c化学工业出版社@d2008 | |
| 215 | @a262页@d26cm | |
| 300 | @a高职高专“十一五”规划教材 | |
| 330 | @a本书内容包括:常用低压电器、电动机典型控制电路、继电器控制系统应用实例、可编程控制器概述、PLC的基本结构及工作原理、PLC机的指令系统及编程方法、PLC的维护与修理、继电器与PLC控制系统设计简介、电气控制与PLC控制技术技能实验实训。 | |
| 606 | 0 | @a电气控制@x高等教育@j教材 |
| 606 | 0 | @a可编程序控制器@x高等教育@j教材 |
| 690 | @aTM921.5@v5 | |
| 690 | @aTM332.3@v5 | |
| 701 | 0 | @a赵俊生@AZhao Jun Sheng@c(数控机床)@4编 |
| 701 | 0 | @a杨怀林@AYang Huai Lin@f(1968~)@4编 |
| 701 | 0 | @a姚年春@AYao Nian Chun@4编 |
| 801 | @aCN@bTANGWEI@c20130109 | |
| 905 | @b0830513-17@dTM921.5@e118@f5 | |
| 电气控制与PLC控制技术/赵俊生,杨怀林,姚年春编.-北京:化学工业出版社,2008 |
| 262页;26cm |
| 高职高专“十一五”规划教材 |
| ISBN 978-7-122-01875-5:CNY27.00 |
| 本书内容包括:常用低压电器、电动机典型控制电路、继电器控制系统应用实例、可编程控制器概述、PLC的基本结构及工作原理、PLC机的指令系统及编程方法、PLC的维护与修理、继电器与PLC控制系统设计简介、电气控制与PLC控制技术技能实验实训。 |
| ● |
| 相关链接 |
|
|
|
|
正题名:电气控制与PLC控制技术
索取号:TM921.5/118
 
预约/预借
| 序号 | 登录号 | 条形码 | 馆藏地/架位号 | 状态 | 备注 |
| 1 | 0830513 | 208305136 | 第二样本阅览室/ [索取号:TM921.5/118] | 在馆 | |
| 2 | 0830514 | 208305145 | 第三借阅区/ [索取号:TM921.5/118] | 在馆 | |
| 3 | 0830515 | 208305154 | 第三借阅区/ [索取号:TM921.5/118] | 在馆 | |
| 4 | 0830516 | 208305163 | 第三借阅区/ [索取号:TM921.5/118] | 在馆 | |
| 5 | 0830517 | 208305172 | 第三借阅区/ [索取号:TM921.5/118] | 在馆 |